| 000 | 00802nam a2200205 a 4500 | ||
|---|---|---|---|
| 005 | 20161226113352.0 | ||
| 008 | 090808s2005 ck ab gr 00010 spa d | ||
| 040 |
_aCO-BoBLA _cCO-BoBLA |
||
| 041 | 0 | _aspa | |
| 044 | _ack | ||
| 082 | 0 | 4 |
_a338.3727 _bP69o |
| 090 |
_aFG- _b0116 |
||
| 245 | 0 | 0 |
_aPlan de ordenamiento de la pesca y la acuicultura en el Embalse de Betania / _cMaría Doris Escobar Lizarazo [y otros 4] |
| 260 | 3 |
_aBogotá : _bInstituto Colombiano de Desarrollo Rural, INCODER, _c2005. |
|
| 300 |
_a79 páginas : _bilustraciones y mapas ; _c28 x 21 cm. |
||
| 650 | 2 | 6 |
_aAcuicultura _xPlanificación _zBetania (Huila, Colombia) |
| 650 | 2 | 6 |
_aPesca _xPlanificación _zBetania (Huila, Colombia) |
| 700 | 1 |
_aEscobar Lizarazo, María Doris _eautor |
|
| 942 |
_2ddc _cLIBRO |
||
| 999 |
_c19032 _d19032 |
||